Vývoj slovenského mliekarenského priemyslu v období pred a po vstupe do EÚ

Slovenský mliekarenský priemysel zažíva v poslednom období ťažké časy. V predvstupovom období sa odohrali boje zahraničných investorov o doposiaľ domáce podniky a v relatívne krátkom čase obsadili takmer celý domáci trh s mliekom. Nasledujúce roky znamenali pre mliekarenské podniky stratu ziskovosti...

Descrizione completa

Salvato in:
Dettagli Bibliografici
Autore principale: Janšo, Andrej
Natura: Capitolo di libro
Lingua:slovacco
Soggetti:
Tags: Aggiungi Tag
Nessun Tag, puoi essere il primo ad aggiungerne!!

MARC

LEADER 00000naa$a2200000$$$4500
001 0043414
005 20240502071519.7
041 0 |a slo 
044 |a SK 
245 1 0 |a Vývoj slovenského mliekarenského priemyslu v období pred a po vstupe do EÚ  |c Andrej Janšo 
520 |a Slovenský mliekarenský priemysel zažíva v poslednom období ťažké časy. V predvstupovom období sa odohrali boje zahraničných investorov o doposiaľ domáce podniky a v relatívne krátkom čase obsadili takmer celý domáci trh s mliekom. Nasledujúce roky znamenali pre mliekarenské podniky stratu ziskovosti a rentability. Dôvody: pokles spotreby mlieka a mliečnych výrobkov na Slovensku, nízka kúpyschopnosť obyvateľstva, tlak obchodných reťazcov, vysoké investície na modernizáciu a splnenie štandardov EÚ, zvyšovanie cien vstupov. Reakcia zahraničných investorov na danú situáciu - redukcia prevádzok, odchod z trhu. Jednotlivé podniky zúžili svoju ponuku na úzky rad produktov, ktorých výroba je pre nich najrentabilnejšia. Podniky by sa mali snažiť presadiť svoju produkciu na zahraničných trhoch. 
610 2 0 |a priemysel mliekarský 
610 2 0 |a Slovensko 
610 2 0 |a vývoj 
610 2 0 |a investori 
610 2 0 |a produkcia 
610 2 0 |a spotreba 
610 2 0 |a trh zahraničný 
610 2 0 |a Európska únia 
100 1 |a Janšo, Andrej